Estadísticas para Forma de países en el mapa mundial #4

Haz click aquí para intentar la prueba.

Estadísticas generales

  • Esta prueba ha sido intentada 6.582 veces
  • La puntuación promedio es 17 de 20

Respuestas en el mapa

Las respuestas están codificadas por una escala verde-roja en el mapa de la prueba según el % correcto abajo.
 

Estadísticas de respuestas

País% Correcto
Argentina
99%
Estados Unidos
99%
Francia
99%
Perú
98%
Egipto
96%
Marruecos
95%
Ucrania
94%
Corea del Sur
93%
Filipinas
89%
Irak
88%
República Checa
88%
Serbia
84%
Malasia
83%
Níger
83%
Bután
78%
Kenia
78%
Turkmenistán
76%
Guinea
75%
Zimbabue
72%
Gabón
70%

Distribución de puntuación

Porcentaje por número respondido

Porcentaje de gente con cada puntuación

Historial de tus puntuaciones

No has intentado esta prueba.